000 00708nam a22002417a 4500
005 20170124105957.0
010 _aA-122192
020 _c00.00
037 _bCen Lib/Ret
040 _aDPL
_bEN
082 _a330.9
_bBRI
100 _aBriggs, Milton
_914966
245 _aEconomic history of England /
_cby Milton Briggs [and] Percy Jordan
250 _a12th ed
260 _aLondon
_bUniversity tutorial press
_c1967
270 _a9-10,Great Sutton Street
_bLondon
300 _a732p.
_c20cm(Hb)
500 _aIncludes index
650 _aEconomic history
_96496
650 _aIndustries
_zGreat Britain
_914967
700 _aJordan,Percy
_979719
942 _2ddc
_cEN
_h330.9
_mBRI
999 _c125622
_d125622